000 00500nam a22001817a 4500
003 OSt
005 20181001135713.0
008 160526b xxu||||| |||| 00| 0 eng d
020 _a8185790167
040 _cDLMN.
082 _aQV610K155p 2009.
100 _aKasture.A.V; Wadodkar,S.G;
_99015
245 _a Inorganic Pharmaceutical Chemistry.
260 _aMaharashtra;
_bNirali Prakashan,
_c2009.
300 _a191p;
_bill;
_c26cm.
650 _aPharmarceutical chemistry
_98996
942 _2z
_cO_SHELF
999 _c4182
_d4182